[Event "Montreal-ch"]
[Site "Montreal CAN"]
[Date "2000.03.26"]
[Round "4"]
[White "Lacroix, Serge"]
[Black "Leutschaft, Martin"]
[Result "0-1"]
[WhiteElo "1964"]
[BlackElo "2120"]
[PlyCount "150"]
[EventDate "2000.03.23"]
[EventType "tourn"]
[EventRounds "7"]
[EventCountry "CAN"]

1. e4 c5 2. Nf3 d6 3. d4 cxd4 4. Nxd4 Nf6 5. Nc3 g6 6. Be3 Bg7 7. f3 O-O 8. Qd2
Nc6 9. Bc4 Bd7 10. O-O-O Rc8 11. Bb3 Ne5 12. h4 h5 13. Kb1 Nc4 14. Bxc4 Rxc4
15. Nde2 Re8 16. Bh6 Bh8 17. Bg5 Rc5 18. Be3 Rc8 19. Bg5 Rc5 20. Be3 Ra5 21.
Nd4 Qc7 22. Nb3 Ra6 23. Bd4 Be6 24. g4 Bxb3 25. cxb3 Qa5 26. g5 Nd7 27. Bxh8
Kxh8 28. Qd5 Qxd5 29. Nxd5 Rc6 30. Rc1 Kg7 31. Nb4 Rcc8 32. Nd5 Kf8 33. Rc3
Rxc3 34. bxc3 Rc8 35. Kc2 e6 36. Ne3 b5 37. Kd2 Rc6 38. c4 b4 39. Nc2 Rb6 40.
f4 Nc5 41. Ke3 a5 42. Kd4 Ke7 43. Rd1 Kd7 44. Rf1 a4 45. Rf3 axb3 46. axb3 Ke7
47. e5 Kd7 48. Rg3 Kc6 49. Re3 Rb8 50. Rf3 Rb7 51. Rg3 d5 52. Rf3 Ne4 53. cxd5+
exd5 54. Ne3 Nd2 55. Rf2 Nxb3+ 56. Kd3 Nc5+ 57. Kd4 Ne6+ 58. Kd3 b3 59. Nd1
Nc5+ 60. Ke3 Na4 61. Nb2 Nxb2 62. Rxb2 Kc5 63. Kd3 d4 64. Rb1 Kd5 65. Rb2 Rb6
66. Rb1 b2 67. Kc2 Ke4 68. Re1+ Kxf4 69. Kb1 d3 70. Rf1+ Ke3 71. Rxf7 d2 72.
Rd7 Ke2 73. e6 d1=Q+ 74. Rxd1 Kxd1 75. e7 Re6 0-1

[Event "Montreal-ch"]
[Site "Montreal CAN"]
[Date "2000.03.31"]
[Round "5"]
[White "Lacroix, Serge"]
[Black "Gulko, Andrei"]
[Result "0-1"]
[WhiteElo "1926"]
[BlackElo "1964"]
[PlyCount "52"]
[EventDate "2000.03.23"]
[EventType "tourn"]
[EventRounds "7"]
[EventCountry "CAN"]

1. e4 e5 2. Nf3 Nc6 3. Bb5 a6 4. Ba4 Nf6 5. O-O Be7 6. Re1 b5 7. Bb3 O-O 8. c3
d5 9. exd5 Nxd5 10. Nxe5 Nxe5 11. Rxe5 Nf6 12. d4 Bd6 13. Re1 Ng4 14. h3 Qh4
15. Qf3 Nxf2 16. Qxf2 Bh2+ 17. Kf1 Bg3 18. Qxf7+ Rxf7+ 19. Bxf7+ Kxf7 20. Re3
Bb7 21. Nd2 Rf8 22. Nf3 Kg8 23. Re8 Bxf3 24. Rxf8+ Kxf8 25. gxf3 Qxh3+ 26. Ke2
Qg2+ 0-1

[Event "Montreal-ch"]
[Site "Montreal CAN"]
[Date "2000.03.31"]
[Round "6"]
[White "Gagnon, Michel"]
[Black "Lacroix, Serge"]
[Result "1-0"]
[WhiteElo "2199"]
[BlackElo "1964"]
[PlyCount "75"]
[EventDate "2000.03.23"]
[EventType "tourn"]
[EventRounds "7"]
[EventCountry "CAN"]

1. d4 Nf6 2. Nf3 e6 3. e3 c5 4. Bd3 d5 5. c3 Nc6 6. Nbd2 Be7 7. O-O O-O 8. Qe2
Bd7 9. dxc5 Bxc5 10. e4 dxe4 11. Nxe4 Be7 12. Rd1 Qc7 13. Nfg5 Nxe4 14. Qxe4 f5
15. Qc4 Bxg5 16. Bxg5 Kh8 17. Be2 Rfe8 18. Bh5 Rec8 19. Qh4 Be8 20. Rd3 g6 21.
Be2 h5 22. Rad1 Qf7 23. Rd6 Na5 24. b4 Nc6 25. Bc4 Kh7 26. Bxe6 Qc7 27. Rd7+
Bxd7 28. Rxd7+ Qxd7 29. Bxd7 Rc7 30. Bxc6 Rxc6 31. Bf6 Re8 32. h3 Re1+ 33. Kh2
Re4 34. Qg5 Re2 35. Bd4 Rxa2 36. Qe7+ Kh6 37. Bg7+ Kh7 38. Bf6+ 1-0

[Event "Montreal-ch"]
[Site "Montreal CAN"]
[Date "2000.03.31"]
[Round "7"]
[White "Lacroix, Serge"]
[Black "Moskvitch, Andrei"]
[Result "1/2-1/2"]
[WhiteElo "1964"]
[BlackElo "2138"]
[PlyCount "106"]
[EventDate "2000.03.23"]
[EventType "tourn"]
[EventRounds "7"]
[EventCountry "CAN"]

1. e4 c5 2. Nf3 a6 3. d4 cxd4 4. Nxd4 e5 5. Nb3 Nc6 6. Nc3 Bb4 7. Bd2 Nf6 8.
Bd3 d5 9. Nxd5 Nxd5 10. exd5 Qxd5 11. O-O Be6 12. Qe2 Bxd2 13. Nxd2 O-O 14. Be4
Qb5 15. Qxb5 axb5 16. a3 f5 17. Bd3 Rfd8 18. Rfd1 b4 19. Bc4 Kf7 20. Bxe6+ Kxe6
21. Kf1 b5 22. Nb3 bxa3 23. Nc5+ Ke7 24. Rxd8 Nxd8 25. Rxa3 Rxa3 26. bxa3 Kd6
27. Nb3 Kd5 28. Ke2 Kc4 29. Kd2 Nc6 30. f3 h6 31. Nc1 Nd4 32. Nd3 e4 33. fxe4
fxe4 34. Nb2+ Kd5 35. c3 Nb3+ 36. Ke3 Nc5 37. g4 g5 38. h3 Ne6 39. a4 bxa4 40.
Nxa4 Nf4 41. Nb6+ Ke5 42. Nc4+ Kd5 43. Nb6+ Kc6 44. Nc4 Kc5 45. Nd2 Kd5 46.
Nxe4 Nxh3 47. Nf6+ Kc4 48. Ng8 Kxc3 49. Nxh6 Kc4 50. Kf3 Kd3 51. Kg3 Nf4 52.
Nf7 Ne6 53. Nxg5 Nxg5 1/2-1/2

[Event "Mauricie op U2000"]
[Site "Trois-Rivieres CAN"]
[Date "2000.03.17"]
[Round "1"]
[White "Lacroix, Serge"]
[Black "Loranger, Stephane"]
[Result "1-0"]
[WhiteElo "1967"]
[BlackElo "1837"]
[PlyCount "65"]
[EventDate "2000.03.17"]
[EventType "swiss"]
[EventRounds "5"]
[EventCountry "CAN"]

1. e4 g6 2. d4 Bg7 3. f4 d6 4. Nc3 Nd7 5. Nf3 a6 6. Bc4 Ngf6 7. e5 Ng4 8. Ng5
Nh6 9. Bxf7+ Nxf7 10. Ne6 Nb6 11. Nxd8 Nxd8 12. a4 c6 13. a5 Nd5 14. Nxd5 cxd5
15. O-O Bf5 16. Ra3 Rc8 17. c3 O-O 18. Rb3 Rc7 19. Rb6 Nc6 20. b4 Rd8 21. Bd2
Na7 22. Qb3 Be4 23. Re1 Kh8 24. Ra1 Nc8 25. b5 Nxb6 26. axb6 Rcc8 27. bxa6 bxa6
28. b7 Rb8 29. Rxa6 Bd3 30. Ra8 Bc4 31. Rxb8 Rxb8 32. Qb6 dxe5 33. Qc7 1-0

[Event "Mauricie op U2000"]
[Site "Trois-Rivieres CAN"]
[Date "2000.03.18"]
[Round "3"]
[White "Lacroix, Serge"]
[Black "Miron, Francois"]
[Result "1-0"]
[WhiteElo "1967"]
[BlackElo "1868"]
[PlyCount "51"]
[EventDate "2000.03.17"]
[EventType "swiss"]
[EventRounds "5"]
[EventCountry "CAN"]

1. e4 c5 2. Nf3 Nc6 3. d4 cxd4 4. Nxd4 Nf6 5. Nc3 e5 6. Ndb5 d6 7. Bg5 a6 8.
Bxf6 gxf6 9. Na3 b5 10. Nd5 f5 11. Bd3 Be6 12. c3 Bxd5 13. exd5 Ne7 14. Nxb5
Nxd5 15. Bxf5 Nf4 16. g3 axb5 17. gxf4 exf4 18. Qd5 Qb8 19. Qc6+ Ke7 20. Qd7+
Kf6 21. Be4 Qe8 22. Qf5+ Ke7 23. Bxa8 Qxa8 24. O-O-O Bg7 25. Rhe1+ Be5 26.
Rxe5+ 1-0

[Event "Mauricie op U2000"]
[Site "Trois-Rivieres CAN"]
[Date "2000.03.19"]
[Round "4"]
[White "Beaudoin, Stephane"]
[Black "Lacroix, Serge"]
[Result "1-0"]
[WhiteElo "1972"]
[BlackElo "1967"]
[PlyCount "71"]
[EventDate "2000.03.17"]
[EventType "swiss"]
[EventRounds "5"]
[EventCountry "CAN"]

1. e4 e5 2. Bc4 Nf6 3. d3 Nc6 4. c3 Be7 5. Nf3 O-O 6. O-O d6 7. Re1 a6 8. Bb3
Na5 9. Bc2 c5 10. Nbd2 Qc7 11. h3 b5 12. Nf1 Nc6 13. Ne3 Be6 14. Qe2 Rfe8 15.
g4 d5 16. Nf5 Bxf5 17. gxf5 dxe4 18. dxe4 c4 19. Kh2 Nd7 20. Rg1 f6 21. Bh6 Bf8
22. Nh4 Kh8 23. Qg4 Nc5 24. Be3 Rad8 25. Ng6+ Kg8 26. Nxf8 Rxf8 27. Bxc5 Rfe8
28. Bb6 Qb7 29. Bxd8 Rxd8 30. Rad1 Rxd1 31. Qxd1 Qb6 32. Qd5+ Kf8 33. Kg2 b4
34. Qd6+ Kf7 35. Ba4 Ne7 36. Qxb6 1-0

[Event "Mauricie op U2000"]
[Site "Trois-Rivieres CAN"]
[Date "2000.03.19"]
[Round "5"]
[White "Lacroix, Serge"]
[Black "Khaziyeva, Dinara"]
[Result "1/2-1/2"]
[WhiteElo "1967"]
[BlackElo "1811"]
[PlyCount "77"]
[EventDate "2000.03.17"]
[EventType "swiss"]
[EventRounds "5"]
[EventCountry "CAN"]

1. e4 c5 2. Nf3 Nf6 3. Nc3 d5 4. exd5 Nxd5 5. Nxd5 Qxd5 6. d4 Bg4 7. dxc5 Qxd1+
8. Kxd1 Bxf3+ 9. gxf3 e6 10. Be3 Nc6 11. c3 O-O-O+ 12. Kc2 Be7 13. Be2 Rd5 14.
Rad1 Rhd8 15. b4 Bf6 16. f4 Ne7 17. Bf3 R5d7 18. Rxd7 Rxd7 19. c4 Nf5 20. Rd1
Nxe3+ 21. fxe3 Rxd1 22. Bxd1 Kc7 23. Bf3 e5 24. Bd5 exf4 25. exf4 Bd4 26. Bxf7
a5 27. a3 axb4 28. axb4 Bf2 29. Kd3 Be1 30. b5 Bf2 31. f5 Bxc5 32. f6 gxf6 33.
Ke4 Kd6 34. Kf5 Bd4 35. h4 Bf2 36. h5 Bh4 37. Ke4 h6 38. Kd4 b6 39. Ke4 1/2-1/2

[Event "Montcalm op"]
[Site "Quebec CAN"]
[Date "2000.03.04"]
[Round "2"]
[White "Dion, Jean-Francois"]
[Black "Lacroix, Serge"]
[Result "0-1"]
[WhiteElo "1733"]
[BlackElo "1994"]
[PlyCount "145"]
[EventDate "2000.03.03"]
[EventType "swiss"]
[EventRounds "5"]
[EventCountry "CAN"]

1. d4 Nf6 2. Nf3 e6 3. Bf4 c5 4. c3 Qb6 5. Qb3 Qxb3 6. axb3 Nc6 7. e3 d5 8.
Nbd2 Be7 9. h3 O-O 10. Bd3 b6 11. O-O a5 12. Rfe1 Ba6 13. Be2 Ne8 14. Ng5 Bxg5
15. Bxg5 f6 16. Bh4 g5 17. Bg3 f5 18. Nf3 h6 19. Ne5 Nxe5 20. Bxe5 c4 21. bxc4
Bxc4 22. b4 Rf7 23. Ra3 Nc7 24. Bxc7 Rxc7 25. bxa5 bxa5 26. Rb1 Ra6 27. f3 Kg7
28. e4 Kf6 29. Kf2 h5 30. Ke3 h4 31. Bd3 Rcc6 32. Bxc4 Rxc4 33. exd5 exd5 34.
Rb5 Ke6 35. Kd3 a4 36. Rb8 Rc7 37. Rg8 Kf6 38. Rh8 Kg7 39. Rb8 Kf7 40. Rb5 Ke6
41. Rb4 Rca7 42. c4 dxc4+ 43. Rxc4 Ra8 44. Rc5 Rb8 45. Kc2 Rb4 46. Kc3 Rb1 47.
Rc4 Rg1 48. Ra2 a3 49. Kb3 Rb1+ 50. Kc3 Rc1+ 51. Kd3 Rxc4 52. Kxc4 Kd6 53. Kb5
Ra8 54. Kb4 Kd5 55. Kc3 Rc8+ 56. Kd3 Ra8 57. Kc3 Ra4 58. Kb3 Rxd4 59. Kxa3 Ke5
60. Kb3 Kf4 61. Kc3 Rd5 62. Ra4+ Kg3 63. Ra2 Rd1 64. Ra5 Kf4 65. Ra4+ Ke3 66.
Ra5 Rc1+ 67. Kb2 Rg1 68. Rxf5 Rxg2+ 69. Kc3 Rg3 70. Kc4 Rxf3 71. Rxg5 Rxh3 72.
Kd5 Kf2 73. Ke4 0-1

[Event "Montcalm op"]
[Site "Quebec CAN"]
[Date "2000.03.05"]
[Round "4"]
[White "Champetier, Serge"]
[Black "Lacroix, Serge"]
[Result "1/2-1/2"]
[WhiteElo "2093"]
[BlackElo "1994"]
[PlyCount "58"]
[EventDate "2000.03.03"]
[EventType "swiss"]
[EventRounds "5"]
[EventCountry "CAN"]

1. e4 e5 2. Nf3 Nc6 3. d4 exd4 4. Nxd4 Nf6 5. Nxc6 bxc6 6. e5 Qe7 7. Qe2 Nd5 8.
c4 Nb6 9. b3 Qe6 10. Bb2 Be7 11. Nd2 O-O 12. Qh5 d5 13. Bd3 h6 14. f4 f5 15.
O-O Qf7 16. Qe2 Be6 17. Rac1 a5 18. cxd5 Bxd5 19. Nf3 c5 20. e6 Qh5 21. Ba1 Bd6
22. e7 Rfe8 23. Qb2 Rxe7 24. Rce1 Rae8 25. Ne5 Bxe5 26. fxe5 Be6 27. Qd2 c4 28.
bxc4 Qh4 29. g3 Qh5 1/2-1/2

[Event "Montcalm op"]
[Site "Quebec CAN"]
[Date "2000.03.05"]
[Round "5"]
[White "Lacroix, Serge"]
[Black "Boudreau, Daniel"]
[Result "0-1"]
[WhiteElo "1994"]
[BlackElo "2054"]
[PlyCount "69"]
[EventDate "2000.03.03"]
[EventType "swiss"]
[EventRounds "5"]
[EventCountry "CAN"]

1. e4 c5 2. Nf3 e6 3. d4 cxd4 4. Nxd4 Nc6 5. Nc3 a6 6. Be2 Qc7 7. O-O Nge7 8.
Be3 Nxd4 9. Qxd4 b5 10. f4 Nc6 11. Qb6 Qxb6 12. Bxb6 d6 13. Bf3 Rb8 14. Be3 Bb7
15. a4 b4 16. Ne2 Be7 17. Rad1 O-O 18. Nd4 Rfd8 19. Rf2 Rbc8 20. Nb3 g6 21. Bb6
Re8 22. g4 Bd8 23. Be3 Be7 24. g5 e5 25. f5 gxf5 26. exf5 e4 27. Be2 Ne5 28. f6
Bf8 29. Rd2 Nf3+ 30. Bxf3 exf3 31. Bd4 Re1+ 32. Rf1 Re2 33. Rf2 Rce8 34. Rf1
R8e4 35. Rxe2 0-1

[Event "Carnaval U2000"]
[Site "Quebec CAN"]
[Date "2000.02.04"]
[Round "1"]
[White "Simard, Francois"]
[Black "Lacroix, Serge"]
[Result "0-1"]
[WhiteElo "1705"]
[BlackElo "1971"]
[PlyCount "64"]
[EventDate "2000.02.04"]
[EventType "swiss"]
[EventRounds "5"]
[EventCountry "CAN"]

1. d4 Nf6 2. c4 e6 3. Bg5 h6 4. Bh4 c5 5. d5 Qa5+ 6. Qd2 Qxd2+ 7. Nxd2 g5 8.
Bg3 exd5 9. Be5 Bg7 10. cxd5 O-O 11. e4 Re8 12. Bxf6 Bxf6 13. Rb1 d6 14. f3 Nd7
15. Bb5 a6 16. Bxd7 Bxd7 17. Nc4 Be7 18. Nb6 Rad8 19. b4 cxb4 20. Rxb4 f5 21.
h3 fxe4 22. fxe4 a5 23. Rc4 Bb5 24. Rc7 Bf6 25. Rxb7 Rxe4+ 26. Kd2 Rde8 27. Ra7
Rd4+ 28. Kc1 Re1+ 29. Kc2 Rdd1 30. Rxa5 Bd3+ 31. Kb3 Rb1+ 32. Ka3 Rxb6 0-1

[Event "Carnaval U2000"]
[Site "Quebec CAN"]
[Date "2000.02.05"]
[Round "2"]
[White "Lacroix, Serge"]
[Black "Pollender, Eric"]
[Result "1-0"]
[WhiteElo "1971"]
[BlackElo "1671"]
[PlyCount "79"]
[EventDate "2000.02.04"]
[EventType "swiss"]
[EventRounds "5"]
[EventCountry "CAN"]

1. e4 e5 2. Nf3 Nc6 3. Bb5 a6 4. Ba4 Nf6 5. O-O Be7 6. Re1 b5 7. Bb3 O-O 8. c3
d6 9. h3 Bb7 10. d4 Nd7 11. Nbd2 Bf6 12. Nf1 Re8 13. Ng3 g6 14. Bc2 Bg7 15. Bg5
f6 16. Be3 Qe7 17. a4 Na5 18. axb5 axb5 19. Qe2 Nc4 20. Rxa8 Rxa8 21. Bc1 c6
22. b3 Na3 23. Bd3 Nb6 24. Be3 Qc7 25. Ra1 Bf8 26. Qb2 d5 27. dxe5 fxe5 28.
Nxe5 Qxe5 29. Bxb6 Qe6 30. exd5 cxd5 31. Bd4 Bc6 32. Be2 Bd6 33. Bg4 Qe7 34.
Nf1 Re8 35. Ne3 b4 36. Bf3 Nb5 37. Ra6 bxc3 38. Bxc3 Nxc3 39. Qxc3 Bb7 40. Ra7
1-0

[Event "Carnaval U2000"]
[Site "Quebec CAN"]
[Date "2000.02.05"]
[Round "3"]
[White "Loranger, Stephane"]
[Black "Lacroix, Serge"]
[Result "0-1"]
[WhiteElo "1855"]
[BlackElo "1971"]
[PlyCount "96"]
[EventDate "2000.02.04"]
[EventType "swiss"]
[EventRounds "5"]
[EventCountry "CAN"]

1. e4 e5 2. Nf3 Nc6 3. Bb5 a6 4. Ba4 Nf6 5. O-O Be7 6. Re1 b5 7. Bb3 d6 8. c3
O-O 9. h3 Nd7 10. d4 Nb6 11. Nbd2 exd4 12. cxd4 d5 13. exd5 Nxd5 14. Ne4 Bf5
15. Bc2 Bg6 16. h4 Bxh4 17. Nxh4 Qxh4 18. Bg5 Qh5 19. g4 Qh3 20. a4 b4 21. Rc1
Rae8 22. Bb1 Nce7 23. Bd3 h5 24. Bf1 Qxg4+ 25. Qxg4 hxg4 26. Bxe7 Rxe7 27. Nc5
a5 28. Rxe7 Nxe7 29. Bg2 Rd8 30. Nb3 Nf5 31. Nxa5 Nxd4 32. Nc6 Ne2+ 33. Kh2 Rd6
34. Rc5 Bd3 35. Ne7+ Kf8 36. Rxc7 Rh6+ 37. Bh3 Rxh3+ 38. Kg2 Be4+ 39. Kf1 Nf4
40. Ke1 Nd3+ 41. Kd2 Nxb2 42. a5 Ra3 43. Nc6 Bxc6 44. Rxc6 Rxa5 45. Kc2 Na4 46.
Kb3 Rc5 47. Ra6 Nc3 48. Kxb4 Rc7 0-1

[Event "Carnaval U2000"]
[Site "Quebec CAN"]
[Date "2000.02.06"]
[Round "5"]
[White "Gauthier, Denis"]
[Black "Lacroix, Serge"]
[Result "1-0"]
[WhiteElo "1955"]
[BlackElo "1971"]
[PlyCount "72"]
[EventDate "2000.02.04"]
[EventType "swiss"]
[EventRounds "5"]
[EventCountry "CAN"]

1. Nf3 Nf6 2. b3 g6 3. Bb2 Bg7 4. g3 O-O 5. Bg2 c5 6. O-O d5 7. d3 Nc6 8. Nbd2
Re8 9. e4 dxe4 10. dxe4 Nxe4 11. Bxg7 Nxd2 12. Nxd2 Kxg7 13. Ne4 Qxd1 14. Raxd1
Nd4 15. Nxc5 Nxc2 16. Rd2 Na3 17. Nxb7 Bxb7 18. Bxb7 Rab8 19. Rd7 Kf6 20. Bg2
Nb5 21. Rc1 Ke6 22. Bc6 a6 23. Re1+ Kf6 24. a4 Nd6 25. Rxd6+ exd6 26. Rxe8 Rxb3
27. Ra8 Rb6 28. Bd5 h5 29. h4 Rb1+ 30. Kg2 Rd1 31. Bf3 Ra1 32. Rxa6 Ke5 33. Ra7
Kf6 34. Ra8 Ke6 35. a5 d5 36. a6 d4 1-0

[Event "Carnaval U2000"]
[Site "Quebec CAN"]
[Date "2000.02.06"]
[Round "5"]
[White "Lacroix, Serge"]
[Black "Lessard, Claude"]
[Result "1-0"]
[WhiteElo "1971"]
[BlackElo "1997"]
[PlyCount "63"]
[EventDate "2000.02.04"]
[EventType "swiss"]
[EventRounds "5"]
[EventCountry "CAN"]

1. e4 c5 2. Nf3 d6 3. d4 cxd4 4. Nxd4 Nf6 5. Nc3 g6 6. Be3 Bg7 7. f3 O-O 8. Qd2
Nc6 9. Bc4 Bd7 10. O-O-O Rc8 11. Bb3 Ne5 12. h4 h5 13. Bh6 a6 14. Bxg7 Kxg7 15.
Nd5 Nxd5 16. Bxd5 b5 17. g4 Rh8 18. g5 Nc4 19. Bxc4 bxc4 20. Qc3 e5 21. Ne2 Qb6
22. Nf4 Rc5 23. Rd5 Be6 24. Rxc5 Qxc5 25. Rd1 Rb8 26. Nxe6+ fxe6 27. f4 Rd8 28.
fxe5 d5 29. Qf3 Rf8 30. Qh3 c3 31. Qxc3 Qxc3 32. bxc3 1-0

[Event "Specialiste ch"]
[Site "Montreal CAN"]
[Date "2000.01.21"]
[Round "1"]
[White "Leclair, Hugues"]
[Black "Lacroix, Serge"]
[Result "1-0"]
[WhiteElo "1645"]
[BlackElo "1953"]
[PlyCount "89"]
[EventDate "2000.01.21"]
[EventType "swiss"]
[EventRounds "5"]
[EventCountry "CAN"]

1. g3 d5 2. Bg2 e5 3. Nf3 e4 4. Nd4 c5 5. Nb3 Nc6 6. d3 f5 7. Nc3 Nf6 8. dxe4
fxe4 9. Bg5 Be6 10. Qd2 Qd7 11. O-O-O O-O-O 12. Na4 b6 13. Nc3 h6 14. Bxf6 gxf6
15. f4 f5 16. e3 Bg7 17. Bf1 d4 18. Ba6+ Kb8 19. Qe2 dxc3 20. Rxd7 cxb2+ 21.
Kb1 Rxd7 22. Nxc5 bxc5 23. Qb5+ Kc7 24. Qb7+ Kd6 25. Rd1+ Ke7 26. Rxd7+ Bxd7
27. Qb5 Kd6 28. Qe2 Rd8 29. Qh5 Kc7 30. Qf7 Bh8 31. Be2 Rb8 32. Qd5 a5 33. Qxc5
Be6 34. Bb5 Rb6 35. a4 Bf6 36. Qf8 Nb4 37. c4 Rd6 38. Qxf6 Rd1+ 39. Kxb2 Nd3+
40. Kc3 Nc5 41. Qe5+ Kb6 42. Qb8+ Nb7 43. c5+ Kxc5 44. Qc7+ Kd5 45. Qe5# 1-0

[Event "Specialiste ch"]
[Site "Montreal CAN"]
[Date "2000.01.21"]
[Round "2"]
[White "Lacroix, Serge"]
[Black "Ramaswamy, Kiran"]
[Result "1-0"]
[WhiteElo "1953"]
[BlackElo "1539"]
[PlyCount "105"]
[EventDate "2000.01.21"]
[EventType "swiss"]
[EventRounds "5"]
[EventCountry "CAN"]

1. e4 c6 2. d4 d5 3. Nc3 dxe4 4. Nxe4 Bf5 5. Ng3 Bg6 6. h4 h6 7. h5 Bh7 8. Nf3
Nf6 9. Bd3 Bxd3 10. Qxd3 Nbd7 11. Bd2 Qc7 12. O-O-O O-O-O 13. c4 e6 14. Bc3 Be7
15. Kb1 Kb8 16. Qc2 Nb6 17. Ne5 Rhf8 18. Ba5 c5 19. Bxb6 axb6 20. Nf3 Rc8 21.
d5 exd5 22. cxd5 Rcd8 23. Nf5 Rg8 24. Ne3 Rd6 25. Ne5 Rf8 26. N5c4 Rdd8 27. a4
Rd7 28. Qf5 Bd6 29. Rd3 Qd8 30. Rhd1 Re8 31. Rb3 Bc7 32. d6 Bxd6 33. Rxb6 Bc7
34. Rxd7 Qxd7 35. Rxf6 Qxa4 36. Rxf7 b5 37. Rxc7 bxc4 38. Qd7 Qb3 39. Rb7+ Qxb7
40. Qxe8+ Ka7 41. Qa4+ Kb8 42. Qxc4 Qe7 43. Qd5 Qf8 44. Qe5+ Ka7 45. Qc7+ Ka6
46. Qc6+ Ka7 47. f3 Qe7 48. Qe4 Qg5 49. g4 Qd8 50. Qa4+ Kb8 51. Qb5+ Ka8 52.
Qxc5 Qd2 53. Qd5+ 1-0

[Event "Specialiste ch"]
[Site "Montreal CAN"]
[Date "2000.01.22"]
[Round "3"]
[White "Mathews, Theo"]
[Black "Lacroix, Serge"]
[Result "0-1"]
[WhiteElo "1953"]
[BlackElo "1719"]
[PlyCount "76"]
[EventDate "2000.01.21"]
[EventType "swiss"]
[EventRounds "5"]
[EventCountry "CAN"]

1. d4 Nf6 2. c4 e6 3. Nc3 Bb4 4. Qc2 c5 5. dxc5 Na6 6. a3 Bxc3+ 7. Qxc3 Nxc5 8.
Nf3 O-O 9. e3 b6 10. Be2 Bb7 11. O-O d5 12. Rd1 Qe7 13. b3 Rac8 14. Bb2 Nce4
15. Qe5 Nxf2 16. Rdc1 N2e4 17. a4 Qc7 18. Qxc7 Rxc7 19. cxd5 Rxc1+ 20. Rxc1
Nxd5 21. Bd3 Nc5 22. Bc4 Nxe3 23. Ba3 Rc8 24. Kf2 Nxc4 25. Rxc4 Nxb3 26. Rxc8+
Bxc8 27. Bd6 Nc5 28. Bb8 a6 29. a5 bxa5 30. Ne1 f6 31. Nc2 e5 32. Ke3 Bb7 33.
g3 Kf7 34. Ba7 Ne4 35. Na3 Nd6 36. Kd3 Ke6 37. Bb6 a4 38. Nb1 Be4+ 0-1

[Event "Specialiste ch"]
[Site "Montreal CAN"]
[Date "2000.01.23"]
[Round "4"]
[White "Lacroix, Serge"]
[Black "Spraggett, Grant"]
[Result "1-0"]
[WhiteElo "1953"]
[BlackElo "2320"]
[Annotator "Desktop,Administrative"]
[PlyCount "57"]
[EventDate "2000.01.21"]
[EventType "swiss"]
[EventRounds "5"]
[EventCountry "CAN"]

1. e4 c6 2. d4 d5 3. Nc3 dxe4 4. Nxe4 Nf6 5. Nxf6+ gxf6 6. Nf3 Bg4 7. Be2 Qc7
8. g3 Nd7 9. c4 e6 10. Bd2 c5 11. d5 O-O-O 12. dxe6 fxe6 13. Qb3 Bd6 14. O-O-O
Nb8 15. h3 Bh5 16. Qe3 Qf7 17. Bc3 Nc6 18. Rd2 e5 19. Rhd1 Nd4 20. g4 Bg6 21.
Nh4 Bc7 22. Bf3 Qxc4 23. Nxg6 hxg6 24. Qe4 Rd6 25. Kb1 Rb6 26. Bxd4 cxd4 27.
Qxg6 Kb8 28. Qg7 Rc8 29. Be2 {Incomplete} 1-0

[Event "Specialiste ch"]
[Site "Montreal CAN"]
[Date "2000.01.23"]
[Round "5"]
[White "Fillion, Steve"]
[Black "Lacroix, Serge"]
[Result "1/2-1/2"]
[WhiteElo "2170"]
[BlackElo "1953"]
[PlyCount "97"]
[EventDate "2000.01.21"]
[EventType "swiss"]
[EventRounds "5"]
[EventCountry "CAN"]

1. d4 Nf6 2. Nf3 e6 3. c4 Bb4+ 4. Nbd2 b6 5. e3 Bb7 6. Bd3 O-O 7. O-O d5 8. a3
Be7 9. Qc2 c5 10. dxc5 bxc5 11. b3 Nbd7 12. Bb2 Qc7 13. Bc3 h6 14. Qb2 a5 15.
Rfe1 Bc6 16. Ne5 Nxe5 17. Bxe5 Qb7 18. cxd5 exd5 19. Qc2 Bb5 20. Bf5 Bd7 21.
Rab1 Bxf5 22. Qxf5 Qd7 23. Qd3 Rfc8 24. Bxf6 Bxf6 25. e4 Bd4 26. Nf3 dxe4 27.
Qxe4 Re8 28. Qc2 Ra6 29. Red1 Rae6 30. Rd2 Qe7 31. h3 Re2 32. Rxe2 Qxe2 33.
Qxe2 Rxe2 34. Nxd4 cxd4 35. Kf1 Rc2 36. Rd1 a4 37. bxa4 Rc4 38. a5 Ra4 39. Ra1
Kf8 40. Ke2 Ke7 41. Kd3 Ke6 42. a6 Kd5 43. a7 f5 44. a8=Q+ Rxa8 45. a4 Ra5 46.
f4 g6 47. h4 h5 48. g3 Ra6 49. a5 1/2-1/2

[Event "Pere Noel"]
[Site "Montreal CAN"]
[Date "1998.12.27"]
[Round "2"]
[White "Lacroix, Serge"]
[Black "Paz, Roman"]
[Result "0-1"]
[WhiteElo "1968"]
[BlackElo "1844"]
[PlyCount "71"]
[EventDate "1998.12.26"]
[EventType "swiss"]
[EventRounds "5"]
[EventCountry "CAN"]

1. e4 e5 2. Nf3 Nc6 3. Bb5 a6 4. Ba4 Nf6 5. O-O Nxe4 6. Re1 b5 7. Bb3 d5 8. d4
Be6 9. dxe5 Bc5 10. Be3 O-O 11. Bxc5 Nxc5 12. Nc3 Ne7 13. Ne2 a5 14. c3 Nxb3
15. axb3 c5 16. Nf4 Ng6 17. Qd2 Nxf4 18. Qxf4 h6 19. b4 axb4 20. cxb4 c4 21.
Nd4 Qb6 22. Qd2 Ra6 23. Rxa6 Qxa6 24. f4 Qb6 25. Kh1 Bd7 26. f5 Re8 27. h3 Re7
28. g4 f6 29. e6 Be8 30. Ra1 Ra7 31. Re1 Qd6 32. Kg2 Ra4 33. e7 Qxb4 34. Qe2
Ra6 35. Qf2 Qa5 36. Re2 0-1

[Event "Premiere Neige"]
[Site "Montreal CAN"]
[Date "1998.11.21"]
[Round "3"]
[White "Linskiy, Oleg"]
[Black "Lacroix, Serge"]
[Result "1-0"]
[WhiteElo "2441"]
[BlackElo "1980"]
[Annotator "Incomplete"]
[PlyCount "51"]
[EventDate "1998.11.20"]
[EventType "swiss"]
[EventRounds "5"]
[EventCountry "CAN"]

1. c4 e5 2. g3 Nf6 3. Bg2 c6 4. Nf3 e4 5. Nd4 d5 6. cxd5 cxd5 7. Nc3 Bc5 8. Nb3
Bb6 9. O-O O-O 10. d3 Re8 11. Bg5 Bf5 12. Bxf6 Qxf6 13. Nxd5 Qxb2 14. dxe4 Bg4
15. Re1 Nc6 16. Qc1 Qe5 17. Qd2 h5 18. Nxb6 axb6 19. f4 Qe7 20. f5 Red8 21. Qf4
Nb4 22. h3 Nc2 23. hxg4 Nxe1 24. Rxe1 Qb4 25. Ra1 hxg4 26. Qxg4 {etc.} 1-0

[Event "Premiere Neige"]
[Site "Montreal CAN"]
[Date "1998.11.22"]
[Round "4"]
[White "Trottier, Julie"]
[Black "Lacroix, Serge"]
[Result "1-0"]
[WhiteElo "1858"]
[BlackElo "1980"]
[Annotator "Incomplete"]
[PlyCount "52"]
[EventDate "1998.11.20"]
[EventType "swiss"]
[EventRounds "5"]
[EventCountry "CAN"]

1. d4 Nf6 2. Nf3 e6 3. h3 c5 4. c3 d5 5. Bf4 Qb6 6. Qb3 Qxb3 7. axb3 Nc6 8. e3
Be7 9. Nbd2 O-O 10. Bd3 Ne8 11. O-O cxd4 12. exd4 Bd6 13. Ne5 f6 14. Nxc6 Bxf4
15. Rxa7 Rxa7 16. Nxa7 Bd7 17. Nb1 Nd6 18. Na3 e5 19. Re1 exd4 20. cxd4 Re8 21.
Rd1 Bf5 22. Bxf5 Nxf5 23. Kf1 Nd6 24. g3 Bh6 25. N7b5 Ne4 26. Nc7 Rd8 {etc.}
1-0

[Event "Abitibi ch"]
[Site "Val D'Or CAN"]
[Date "1998.11.07"]
[Round "2"]
[White "Morin, Jean-Pascal"]
[Black "Lacroix, Serge"]
[Result "0-1"]
[WhiteElo "1818"]
[BlackElo "1990"]
[PlyCount "54"]
[EventDate "1998.11.06"]
[EventType "swiss"]
[EventRounds "5"]
[EventCountry "CAN"]

1. e4 e5 2. Nf3 Nc6 3. Nc3 Nf6 4. d4 exd4 5. Nxd4 Bb4 6. Nxc6 bxc6 7. Bd3 d5 8.
exd5 cxd5 9. O-O O-O 10. Bg5 c6 11. Qf3 Bd6 12. Rae1 Be6 13. h3 Rb8 14. Nd1 h6
15. Bc1 Nh7 16. Ne3 Qf6 17. Qd1 Ng5 18. Ng4 Bxg4 19. Qxg4 Rb4 20. Qe2 Ne4 21.
c3 Ra4 22. a3 Nc5 23. Bc2 Rh4 24. Be3 Ne6 25. Qd3 g6 26. Bxa7 Nf4 27. Qf3 Nxh3+
0-1

[Event "Abitibi ch"]
[Site "Val D'Or CAN"]
[Date "1998.11.08"]
[Round "4"]
[White "Lacroix, Serge"]
[Black "Hua, Lefong"]
[Result "0-1"]
[WhiteElo "1990"]
[BlackElo "2270"]
[PlyCount "60"]
[EventDate "1998.11.06"]
[EventType "swiss"]
[EventRounds "5"]
[EventCountry "CAN"]

1. e4 c5 2. Nf3 e6 3. d4 cxd4 4. Nxd4 a6 5. Nc3 Qc7 6. Bd3 Nf6 7. O-O Nc6 8.
Nb3 b5 9. Bg5 Be7 10. a3 O-O 11. Qe2 d6 12. Kh1 b4 13. axb4 Nxb4 14. Nb5 Qb8
15. Nc3 Nxd3 16. Qxd3 Rd8 17. f3 h6 18. Be3 d5 19. exd5 Nxd5 20. Nxd5 Rxd5 21.
Qe4 Bf6 22. Rfd1 Bb7 23. Rxd5 Bxd5 24. Qg4 Bxb3 25. cxb3 Qxb3 26. Bxh6 Qxb2 27.
Rc1 a5 28. Qe4 Rd8 29. Bf4 Qxc1+ 30. Bxc1 Rd1+ 0-1